Music Quiz

Random Music or Song Quiz

Lostprophets studio album songs Quiz Stats

 Plays Quiz not verified by Sporcle

Challenge
Share
Tweet
Embed
Score 0/47 Timer 09:00
0 Plays Today
album song % Correct
Start SomethingLast Train Home
89.6%
Fake Sound of ProgressShinobi Vs Dragon Ninja
87.4%
Liberation TransmissionRooftops (A Liberation Broadcast)
87%
Start SomethingBurn Burn
83.9%
Fake Sound of ProgressThe Fake Sound Of Progress
83%
Start SomethingLast Summer
80.4%
Start SomethingStart Something
79.1%
Liberation TransmissionA Town Called Hypocrisy
74.8%
Liberation TransmissionEveryday Combat
73%
Start SomethingWe Still Kill The Old Way
72.2%
Start SomethingSway
72.2%
Liberation TransmissionCan't Catch Tomorrow (Good Shoes Wont Save You This Time)
72.2%
Liberation Transmission4 AM Forever
71.3%
Start SomethingTo Hell We Ride
70.9%
The BetrayedWhere We Belong
70%
Start SomethingWe Are Godzilla, You Are Japan
69.1%
Start SomethingWake Up (Make A Move)
68.3%
Liberation TransmissionA New Transmission
67.4%
The BetrayedFor He's A Jolly Good Felon
63%
Fake Sound of ProgressKobrakai
62.6%
Start SomethingGoodbye Tonight
62.6%
The BetrayedDarkest Blue
62.2%
Liberation TransmissionEverybody's Screaming
60%
The BetrayedIt's Not The End Of The World, But I Can See It From Here
58.3%
album song % Correct
Fake Sound of ProgressFive Is A Four Letter Word
57.8%
Start SomethingHello Again
57%
Liberation TransmissionCan't Stop Gotta Date With Hate
56.5%
Liberation TransmissionAlways All Ways (Apologies, Glances And Messed Up Chances)
56.1%
The BetrayedStreets Of Nowhere
55.7%
The BetrayedThe Light That Shines Twice As Bright...
55.2%
Fake Sound of ProgressOde To Summer
54.3%
The BetrayedIf It Wasn't For Hate, We'd Be Dead By Now
54.3%
Start SomethingI Don't Know
53%
Start SomethingA Million Miles
50%
Fake Sound of ProgressAwkward
49.6%
The BetrayedDSTRYR|DSTRYR
49.6%
Liberation TransmissionHeaven For The Weather, Hell For The Company
48.3%
The BetrayedDirty Little Heart
47.4%
Fake Sound of ProgressFor Sure
46.1%
Liberation TransmissionBroken Hearts, Torn up letters and The Story Of A Lonely Girl
45.7%
Fake Sound of Progress...And She Told Me To Leave
43%
Fake Sound of ProgressThe Handsome Life Of Swing
43%
The BetrayedA Better Nothing
42.6%
Fake Sound of ProgressA Thousand Apologies
40.4%
Fake Sound of ProgressStill Laughing
40%
Liberation TransmissionFor All These Times Son, For all These Times
40%
The BetrayedAtro City
33.5%

You're not logged in!

Compare scores with friends on all Sporcle quizzes.
Join for Free
OR
Log In

You Might Also Like...

Show Comments

Extras

Top Quizzes Today


Score Distribution

Your Account Isn't Verified!

In order to create a playlist on Sporcle, you need to verify the email address you used during registration. Go to your Sporcle Settings to finish the process.

Report this User

Report this user for behavior that violates our Community Guidelines.

Details: